Quantum Physics of Atoms, Molecules, Solids Nuclei and Particles. (Record no. 8339)

MARC details
000 -LEADER
fixed length control field 00561nam a22001937a 4500
003 - CONTROL NUMBER IDENTIFIER
control field OSt
005 - DATE AND TIME OF LATEST TRANSACTION
control field 20240520102238.0
008 - FIXED-LENGTH DATA ELEMENTS--GENERAL INFORMATION
fixed length control field 240520b |||||||| |||| 00| 0 eng d
020 ## - INTERNATIONAL STANDARD BOOK NUMBER
International Standard Book Number 9780471873730
040 ## - CATALOGING SOURCE
Transcribing agency DDC
082 ## - DEWEY DECIMAL CLASSIFICATION NUMBER
Edition number Second Edition
Classification number 530.13 EIS 1985
100 ## - MAIN ENTRY--PERSONAL NAME
Relator code Resnick Robert, Eisberg Robert
245 ## - TITLE STATEMENT
Title Quantum Physics of Atoms, Molecules, Solids Nuclei and Particles.
260 ## - PUBLICATION, DISTRIBUTION, ETC. (IMPRINT)
Place of publication, distribution, etc. Canada,
Name of publisher, distributor, etc. John Wiley & Sons,
Date of publication, distribution, etc. 1985.
300 ## - PHYSICAL DESCRIPTION
Extent xiii;713p,
Other physical details ill,
Dimensions 25.9cm
504 ## - BIBLIOGRAPHY, ETC. NOTE
Bibliography, etc Appendixes,Index
650 ## - SUBJECT ADDED ENTRY--TOPICAL TERM
Topical term or geographic name as entry element Physics
9 (RLIN) 809
942 ## - ADDED ENTRY ELEMENTS (KOHA)
Source of classification or shelving scheme Dewey Decimal Classification
Koha item type Open Shelf
Holdings
Withdrawn status Lost status Source of classification or shelving scheme Damaged status Not for loan Home library Current library Source of acquisition Inventory number Total Checkouts Full call number Barcode Date last seen Koha item type
    Dewey Decimal Classification     MUST Main Library MUST Main Library purchase 08/31020   530.13 EIS 1985 2024-20202 20/05/2024 Open Shelf